Whiteman on Capital Gains Tax (Record no. 106276)

MARC details
000 -LEADER
fixed length control field 00827cam a22002295a 4500
001 - CONTROL NUMBER
control field ##L135995
008 - FIXED-LENGTH DATA ELEMENTS--GENERAL INFORMATION
fixed length control field 080115s2008 xxk f 000 0 eng u
020 ## - INTERNATIONAL STANDARD BOOK NUMBER
International Standard Book Number 9781847033048
035 ## - SYSTEM CONTROL NUMBER
System control number (Sirsi) u135995
041 0# - LANGUAGE CODE
Language code of text/sound track or separate title eng
050 04 - LIBRARY OF CONGRESS CALL NUMBER
Classification number 336.2424 $2 18
100 1# - MAIN ENTRY--PERSONAL NAME
Personal name Sherry, Michael
245 00 - TITLE STATEMENT
Title Whiteman on Capital Gains Tax
Remainder of title seventeenth cumulative supplement to the fourth edition - up to date to September 30, 2007
250 ## - EDITION STATEMENT
Edition statement 17th ed.
260 ## - PUBLICATION, DISTRIBUTION, ETC.
Place of publication, distribution, etc. London
Name of publisher, distributor, etc. Sweet and Maxwell
Date of publication, distribution, etc. 2008
300 00 - PHYSICAL DESCRIPTION
Extent xlix, 725p.
Dimensions 25cm.
520 ## - SUMMARY, ETC.
Summary, etc. This supplement brings "Whiteman on Capital Gains Tax" (ISBN 0421372605) up to date to September 30 2007. Includes extensive references to case law and statutes.
650 24 - SUBJECT ADDED ENTRY--TOPICAL TERM
Topical term or geographic name entry element CAPITAL GAINS TAX
690 ## - LOCAL SUBJECT ADDED ENTRY--TOPICAL TERM (OCLC, RLIN)
Topical term or geographic name as entry element PROPERTY-PROPERTY TAXATION
700 1# - ADDED ENTRY--PERSONAL NAME
Personal name Rippon, Louise
942 ## - ADDED ENTRY ELEMENTS (KOHA)
Suppress in OPAC 0

No items available.